00532nam a2200145Ia 4500003000900000005001700009008004100026040001600067080001600083100001800099245018300117260005800300300001000358650001800368IN-BaIIA20250704113217.0211028s9999 xx 000 0 eng d cIIA Library a528.73bCLA aClarke, A. R. 0aComparisons of the standards of length of England, France, Belgium, Prussia, Russia, India, Australiabmade at the ordnance survey office, SouthamptoncA. R. Clarke  aLondonbOrder of the Secretary of State for Warc1866 a287p. aSurvey report